Las castañeras picadas y otros sainetes / (Record no. 7585)

MARC details
000 -LEADER
campo de control de longitud fija 00748nam a2200229 i 4500
001 - NÚMERO DE CONTROL
campo de control 7585
003 - IDENTIFICADOR DE NÚMERO DE CONTROL
campo de control ES-MaACL
005 - FECHA Y HORA DE LA ÚLTIMA TRANSACCIÓN
campo de control 20250522063042.0
007 - CAMPO FIJO DE DESCRIPCIÓN FÍSICA--INFORMACIÓN GENERAL
campo de control de longitud fija t|
008 - DATOS DE LONGITUD FIJA--INFORMACIÓN GENERAL
campo de control de longitud fija 910305s1989 sp |||| | spa d
020 ## - NÚMERO INTERNACIONAL ESTÁNDAR DEL LIBRO
Número Internacional Estándar del Libro 84-397-1580-3
080 ## - NÚMERO DE LA CLASIFICACIÓN DECIMAL UNIVERSAL
Número de la Clasificación Decimal Universal 86-224"17"
100 1# - ENTRADA PRINCIPAL--NOMBRE DE PERSONA
Nombre de persona Cruz, Ramón de la,
Fechas asociadas al nombre 1731-1794
9 (RLIN) 41806
245 14 - MENCIÓN DEL TÍTULO
Título Las castañeras picadas y otros sainetes /
Mención de responsabilidad, etc. Ramón de la Cruz ; selección y prólogo, Carmen Bravo-Villasante.
260 ## - PUBLICACIÓN, DISTRIBUCIÓN, ETC.
Lugar de publicación, distribución, etc. Madrid :
Nombre del editor, distribuidor, etc. Montena,
Fecha de publicación, distribución, etc. 1989.
300 ## - DESCRIPCIÓN FÍSICA
Extensión 126 p. :
Otras características físicas il. ;
Dimensiones 22 cm.
490 1# - MENCIÓN DE SERIE
Mención de serie Carnaval de las letras ;
Designación de volumen o secuencia 13
700 1# - ENTRADA AGREGADA--NOMBRE PERSONAL
Nombre de persona Bravo-Villasante, Carmen,
Fechas asociadas al nombre 1918-1994
9 (RLIN) 31507
830 0# - PUNTO DE ACCESO ADICIONAL DE SERIE-TÍTULO UNIFORME
Título uniforme Carnaval de las letras ;
Designación de volumen o secuencia 13
9 (RLIN) 177324
852 ## - LOCALIZACIÓN
Ubicación ES-MaACL
Número de control de estantería L-14827
Holdings
Estatus retirado Estado de pérdida Estado de daño No para préstamo Biblioteca de origen Biblioteca actual Ubicación en estantería Fecha de adquisición Fuente de adquisición Total de préstamos Signatura topográfica completa Código de barras Visto por última vez Precio de reemplazo Tipo de ítem Koha
        Biblioteca del Ateneo de Madrid Biblioteca del Ateneo de Madrid Depósito 2 17/01/2008     L-14827 1007738 23/02/2023 23/02/2023 Libro impreso